[Event "PRO League KO Stage 2018"]
[Site "chess.com INT"]
[Date "2018.03.21"]
[Round "2"]
[White "Melkumyan, Hrant"]
[Black "Adhiban, Baskaran"]
[Result "0-1"]
[WhiteTitle "GM"]
[BlackTitle "GM"]
[WhiteElo "2664"]
[BlackElo "2650"]
[WhiteTeam "Armenia Eagles"]
[BlackTeam "Mumbai Movers"]
[WhiteFideId "13302485"]
[BlackFideId "5018471"]
[EventDate "2018.03.13"]

1. d4 d5 2. Nf3 e6 3. c4 c6 4. Nbd2 f5 5. g3 Nd7 6. Bg2 Bd6 7. O-O Ngf6 8. b3
O-O 9. Bb2 b6 10. Ne5 Bb7 11. e3 Qe7 12. Qe2 Ne4 13. Nxd7 Qxd7 14. Nf3 c5 15.
Rfd1 Qe7 16. Ne5 Bxe5 17. dxe5 dxc4 18. bxc4 Rfd8 19. h4 Rxd1+ 20. Rxd1 Rd8 21.
Rd3 Bc6 22. Kf1 b5 23. Kg1 b4 24. Rxd8+ Qxd8 25. Kh2 a5 26. a3 h6 27. axb4 axb4
28. Qc2 Qd7 29. Qe2 Ba4 30. Bxe4 fxe4 31. Qg4 Bc2 32. h5 Bd3 33. Kg1 Qf7 34. Qd1
Bxc4 35. Qd6 Qxh5 36. Qxc5 Be2 37. Qc8+ Kh7 38. Qd8 Bf3 39. Qh4 Qxh4 40. gxh4
Kg6 41. Kh2 Kf7 42. Kg1 h5 43. Bd4 g5 44. Kh2 gxh4 45. Kh3 b3 46. Kxh4 Ke7 47.
Kg3 Kd7 48. Kh2 Kc6 49. Kg1 Kb5 0-1

[Event "PRO League KO Stage 2018"]
[Site "chess.com INT"]
[Date "2018.03.21"]
[Round "2"]
[White "Vachier-Lagrave, Maxime"]
[Black "Borisek, Jure"]
[Result "1-0"]
[WhiteTitle "GM"]
[BlackTitle "GM"]
[WhiteElo "2789"]
[BlackElo "2576"]
[WhiteTeam "Marseille Migraines"]
[BlackTeam "Ljubljana Turtles"]
[WhiteFideId "623539"]
[BlackFideId "14603152"]
[EventDate "2018.03.13"]

1. e4 e5 2. Nf3 Nc6 3. Bb5 a6 4. Ba4 Nf6 5. O-O Be7 6. Re1 b5 7. Bb3 d6 8. c3
O-O 9. h3 Bb7 10. d4 Re8 11. Nbd2 exd4 12. cxd4 Nd7 13. Nf1 Na5 14. Bc2 Bf6 15.
Ng3 g6 16. Rb1 c5 17. d5 Nc4 18. b3 Ncb6 19. Nh2 h5 20. Ngf1 a5 21. g4 hxg4 22.
hxg4 b4 23. Nf3 a4 24. g5 Bg7 25. bxa4 Ra7 26. a3 bxa3 27. Bxa3 Qa8 28. Bb2 Bxb2
29. Rxb2 Ba6 30. Ne3 Nc4 31. Nxc4 Bxc4 32. Kg2 Rb8 33. Qa1 Rxb2 34. Qxb2 Qd8 35.
Qc1 Qe7 36. Qf4 Ne5 37. Nxe5 Qxe5 38. Qxe5 dxe5 39. f4 exf4 40. Kf3 Rb7 41. Rb1
Rb4 42. a5 Kf8 43. Rxb4 cxb4 44. Kxf4 Ke7 45. Ke5 b3 46. Bxb3 1-0

[Event "PRO League KO Stage 2018"]
[Site "chess.com INT"]
[Date "2018.03.21"]
[Round "2"]
[White "Vachier-Lagrave, Maxime"]
[Black "Sebenik, Matej"]
[Result "1-0"]
[WhiteTitle "GM"]
[BlackTitle "GM"]
[WhiteElo "2789"]
[BlackElo "2562"]
[WhiteTeam "Marseille Migraines"]
[BlackTeam "Ljubljana Turtles"]
[WhiteFideId "623539"]
[BlackFideId "14602296"]
[EventDate "2018.03.13"]

1. e4 c5 2. Nf3 Nc6 3. c3 e6 4. d4 d5 5. e5 Bd7 6. Be2 Nge7 7. Na3 cxd4 8. cxd4
Nf5 9. Nc2 Qb6 10. g4 Nfe7 11. O-O h5 12. g5 Nf5 13. a3 Be7 14. b4 f6 15. b5 Na5
16. Ne3 Nxe3 17. Bxe3 Bxb5 18. exf6 gxf6 19. Rb1 Bxe2 20. Qxe2 Qa6 21. Qc2 Nc4
22. gxf6 Rg8+ 23. Kh1 Bxf6 24. Qh7 O-O-O 25. Bf4 Qc6 26. Rfe1 Qd7 27. Qxh5 Rdf8
28. Bg3 Bh8 29. Rb3 b6 30. Qh6 Rf6 31. Qc1 Kb7 32. Rc3 Rf5 33. a4 Rgf8 34. Kg2
Qf7 35. Qd1 Rh5 36. a5 b5 37. a6+ Kb6 38. Qb3 Rf5 39. Qb4 Rc8 40. Rb3 Qd7 41.
Rxe6+ 1-0

[Event "PRO League KO Stage 2018"]
[Site "chess.com INT"]
[Date "2018.03.21"]
[Round "2"]
[White "Manukian, Artak"]
[Black "Sadhwani, Raunak"]
[Result "1-0"]
[BlackTitle "FM"]
[WhiteElo "2196"]
[BlackElo "2369"]
[WhiteTeam "Armenia Eagles"]
[BlackTeam "Mumbai Movers"]
[WhiteFideId "13301373"]
[BlackFideId "35093487"]
[EventDate "2018.03.13"]

1. e4 c6 2. d4 d5 3. e5 Bf5 4. Nf3 e6 5. c4 dxc4 6. Bxc4 Bxb1 7. Rxb1 Bb4+ 8.
Kf1 Nd7 9. Qb3 Qb6 10. g3 Bf8 11. Qc2 Qc7 12. Kg2 Nb6 13. Bd3 h6 14. b4 Ne7 15.
Bd2 Ned5 16. a4 a6 17. Rhc1 Qd7 18. Qb3 Be7 19. h4 O-O 20. Bc2 f5 21. exf6 Nxf6
22. Re1 Nbd5 23. Ne5 Qc8 24. Qd3 Bd6 25. g4 Ne7 26. g5 Nf5 27. gxf6 Rxf6 28. Re4
Qc7 29. h5 Rd8 30. Ng4 Nh4+ 31. Kf1 Rf3 32. Be3 Nf5 33. Rxe6 Qf7 34. Bb3 Kf8 35.
Rxd6 Nxe3+ 36. Nxe3 Rxf2+ 37. Ke1 Qe7 38. Rxd8+ Qxd8 39. Kxf2 Qh4+ 40. Ke2 Qh2+
41. Kd1 Qg1+ 42. Qf1+ Qxf1+ 43. Nxf1 Ke7 44. d5 cxd5 45. Bxd5 b6 46. a5 bxa5 47.
bxa5 Kd6 48. Bb7 Kc5 49. Bxa6 1-0

[Event "PRO League KO Stage 2018"]
[Site "chess.com INT"]
[Date "2018.03.21"]
[Round "2"]
[White "Manukian, Artak"]
[Black "Vidit, Santosh Gujrathi"]
[Result "0-1"]
[BlackTitle "GM"]
[WhiteElo "2196"]
[BlackElo "2723"]
[WhiteTeam "Armenia Eagles"]
[BlackTeam "Mumbai Movers"]
[WhiteFideId "13301373"]
[BlackFideId "5029465"]
[EventDate "2018.03.13"]

1. e4 e6 2. d4 d5 3. exd5 exd5 4. Bd3 Nc6 5. c3 Bd6 6. Ne2 Qf6 7. Nd2 Nge7 8.
Nf3 Bg4 9. Neg1 h6 10. h3 Bf5 11. Be3 O-O-O 12. Ne2 Rde8 13. Qd2 Bxd3 14. Qxd3
Nf5 15. Kd2 Re4 16. Rae1 Rhe8 17. Nc1 g5 18. Re2 Qg6 19. Ne1 h5 20. Nc2 g4 21.
hxg4 Rxg4 22. g3 Rge4 23. Nb3 h4 24. gxh4 Nxh4 25. Kc1 f5 26. Nd2 Qg2 27. Rd1
R4e6 28. c4 f4 29. f3 Qg5 30. cxd5 Qxd5 31. Qc4 Ne7 32. Qa4 Nef5 33. Qxa7 Nxe3
34. Ne4 Rxe4 35. fxe4 Qxe4 36. Nxe3 fxe3 37. Qa8+ Kd7 38. Qa4+ Qc6+ 39. Qxc6+
Kxc6 40. d5+ Kd7 41. Rd4 Ng6 42. Rg4 Nf4 43. Rg7+ Kd8 0-1

[Event "PRO League KO Stage 2018"]
[Site "chess.com INT"]
[Date "2018.03.21"]
[Round "2"]
[White "Maurizzi, Marc Andria"]
[Black "Lenic, Luka"]
[Result "0-1"]
[WhiteTitle "CM"]
[BlackTitle "GM"]
[WhiteElo "2119"]
[BlackElo "2662"]
[WhiteTeam "Marseille Migraines"]
[BlackTeam "Ljubljana Turtles"]
[WhiteFideId "36083534"]
[BlackFideId "14603853"]
[EventDate "2018.03.13"]

1. e4 c5 2. Nc3 Nc6 3. Bb5 Nd4 4. Bc4 e6 5. Nf3 Nf6 6. O-O a6 7. d3 b5 8. Bb3
Nxb3 9. axb3 Bb7 10. Be3 d6 11. h3 Be7 12. Qd2 O-O 13. Rfe1 d5 14. exd5 Nxd5 15.
Ne4 Rc8 16. Bg5 f6 17. Bh4 e5 18. Rad1 Qd7 19. Qc1 Rfe8 20. Bg3 Bf8 21. Bh2 Qf7
22. Re2 Nb4 23. c3 Nd5 24. Rde1 Red8 25. Qc2 Qd7 26. Rd1 Qc6 27. Qb1 Nb6 28.
Red2 Be7 29. Nh4 Qe6 30. g4 g6 31. Nf3 Qxb3 32. Kg2 Qd5 33. Rg1 c4 34. g5 f5 0-1

[Event "PRO League KO Stage 2018"]
[Site "chess.com INT"]
[Date "2018.03.21"]
[Round "2"]
[White "Maurizzi, Marc Andria"]
[Black "Skuhala, Luka"]
[Result "0-1"]
[WhiteTitle "CM"]
[WhiteElo "2119"]
[BlackElo "2087"]
[WhiteTeam "Marseille Migraines"]
[BlackTeam "Ljubljana Turtles"]
[WhiteFideId "36083534"]
[BlackFideId "14605678"]
[EventDate "2018.03.13"]

1. e4 c5 2. Nc3 a6 3. g3 b5 4. Bg2 Bb7 5. d3 e6 6. Nh3 d5 7. exd5 b4 8. O-O Nf6
9. dxe6 Bxg2 10. exf7+ Kxf7 11. Ng5+ Kg8 12. Kxg2 bxc3 13. bxc3 Qd5+ 14. Qf3 h6
15. Qxd5+ Nxd5 16. Ne4 Nd7 17. Rb1 N7f6 18. Nxf6+ Nxf6 19. Rb7 Re8 20. Be3 Nd5
21. Bd2 Rh7 22. c4 Nb4 23. Bxb4 cxb4 24. Rb6 Re2 25. Rxa6 Rxc2 26. Kf3 g5 27.
Re1 Rf7+ 28. Kg4 Rcxf2 29. d4 Rxh2 30. d5 Be7 31. Rxe7 Rxe7 32. d6 Rd7 33. c5
Rc2 34. c6 Rxd6 35. c7 Rd4+ 36. Kh5 Rxc7 37. Kg6 Rc8 38. Kxh6 g4 39. Kg6 Rcd8 0-1

[Event "PRO League KO Stage 2018"]
[Site "chess.com INT"]
[Date "2018.03.21"]
[Round "2"]
[White "Grigoryan, Karen H."]
[Black "Karavade, Eesha"]
[Result "1/2-1/2"]
[WhiteTitle "GM"]
[BlackTitle "IM"]
[WhiteElo "2571"]
[BlackElo "2391"]
[WhiteTeam "Armenia Eagles"]
[BlackTeam "Mumbai Movers"]
[WhiteFideId "13301004"]
[BlackFideId "5012600"]
[EventDate "2018.03.13"]

1. Nf3 Nf6 2. g3 d5 3. Bg2 g6 4. b3 Bg7 5. Bb2 c5 6. O-O O-O 7. e3 Nc6 8. Ne5
Nxe5 9. Bxe5 Be6 10. d4 Rc8 11. Nd2 cxd4 12. Bxd4 Qa5 13. c4 dxc4 14. bxc4 b6
15. Nb3 Qb4 16. Nd2 Bxc4 17. Nxc4 Rxc4 18. Qf3 Rfc8 19. Bh3 Rd8 20. Qb7 Ne8 21.
Bxg7 Kxg7 22. Qxa7 Rc7 23. Qa6 Qa5 24. Qxa5 bxa5 25. Rfd1 Rxd1+ 26. Rxd1 Rc2 27.
a4 Rc4 28. Bd7 Nd6 29. Rd5 Nb7 30. Bb5 Rc1+ 31. Kg2 Rc7 32. g4 h6 33. h4 e6 34.
Rd1 Kf6 35. f4 Ke7 36. Kf3 Nd6 37. Be2 Rc3 38. Rd3 Rxd3 39. Bxd3 f5 40. e4 Kf7
41. e5 Nc8 42. h5 fxg4+ 43. Kxg4 gxh5+ 44. Kxh5 Nb6 45. Kxh6 Nxa4 46. f5 exf5
47. Bxf5 Nc5 48. Kg5 Ne6+ 49. Kg4 a4 50. Bb1 Ke7 51. Kf3 Nc5 52. Ke3 Ke6 53. Kd4
Nb3+ 54. Kc3 Kxe5 55. Kb4 Nd2 56. Kxa4 Nxb1 1/2-1/2

[Event "PRO League KO Stage 2018"]
[Site "chess.com INT"]
[Date "2018.03.21"]
[Round "2"]
[White "Grigoryan, Karen H."]
[Black "Adhiban, Baskaran"]
[Result "0-1"]
[WhiteTitle "GM"]
[BlackTitle "GM"]
[WhiteElo "2571"]
[BlackElo "2650"]
[WhiteTeam "Armenia Eagles"]
[BlackTeam "Mumbai Movers"]
[WhiteFideId "13301004"]
[BlackFideId "5018471"]
[EventDate "2018.03.13"]

1. Nf3 c5 2. c4 g6 3. d4 cxd4 4. Nxd4 Nc6 5. g3 Bg7 6. Nc2 d6 7. Bg2 Be6 8. Bd2
Bxc4 9. Bc3 Nf6 10. Nd4 Bd5 11. Nf3 Be6 12. O-O O-O 13. Nbd2 Rc8 14. Nb3 a5 15.
Nfd4 Nxd4 16. Bxd4 a4 17. Nc1 b5 18. Nd3 Qd7 19. Re1 Rc4 20. Nf4 Bf5 21. Bc3 b4
22. Bxf6 Bxf6 23. Nd5 Bxb2 24. Nb6 Qc7 25. Nxc4 Bxa1 26. Ne3 Bc3 27. Nd5 Qa7 28.
Rf1 Rc8 29. Qc1 Be6 30. Qg5 Bxd5 31. Qe5 Bxe5 0-1

[Event "PRO League KO Stage 2018"]
[Site "chess.com INT"]
[Date "2018.03.21"]
[Round "2"]
[White "Flores Rios, Mauricio"]
[Black "Fedoseev, Vladimir3"]
[Result "1-0"]
[WhiteTitle "GM"]
[BlackTitle "GM"]
[WhiteElo "2529"]
[BlackElo "2724"]
[WhiteTeam "Minnesota Blizzard"]
[BlackTeam "Saint Louis Arch Bishops"]
[WhiteFideId "3408027"]
[BlackFideId "24130737"]
[EventDate "2018.03.13"]

1. d4 Nf6 2. c4 e6 3. g3 d5 4. Nf3 dxc4 5. Bg2 Nc6 6. Qa4 Bb4+ 7. Bd2 Nd5 8. Qb5
Bxd2+ 9. Nbxd2 c3 10. bxc3 Nxc3 11. Qd3 Nd5 12. O-O O-O 13. Rfc1 Qe7 14. Rab1
Rd8 15. Qc4 Nb6 16. Qc3 e5 17. dxe5 Be6 18. Nb3 Bxb3 19. Rxb3 Re8 20. Ne1 Qxe5
21. Bxc6 bxc6 22. Qxe5 Rxe5 23. e3 Ra5 24. Rb2 c5 25. Rbc2 c4 26. Nf3 Rd8 27.
Nd2 g5 28. g4 c3 29. Ne4 Ra4 30. f3 Rd3 31. Nc5 Rxe3 32. Nxa4 Nxa4 33. Kf2 Re5
34. Rb1 c5 35. Rb5 Nb2 36. Rb8+ Kg7 37. Rd8 Na4 38. Re2 Kf6 39. Rd6+ Re6 40.
Rexe6+ fxe6 41. Ke3 Nb2 42. Ra6 c4 43. Ra3 Ke5 44. Ra5+ Kd6 45. Ra3 Kc5 46. Ke2
Kd4 47. Rxa7 Nd3 48. Rd7+ Ke5 49. Rxd3 cxd3+ 50. Kxd3 Kf4 51. a4 Kxf3 52. a5 e5
53. a6 e4+ 54. Kc2 e3 55. a7 e2 56. a8=Q+ Kf2 57. Qf8+ Kg2 58. Qe7 Kf2 59. Qf6+ 1-0

[Event "PRO League KO Stage 2018"]
[Site "chess.com INT"]
[Date "2018.03.21"]
[Round "2"]
[White "Flores Rios, Mauricio"]
[Black "Zherebukh, Yaroslav"]
[Result "1-0"]
[WhiteTitle "GM"]
[BlackTitle "GM"]
[WhiteElo "2529"]
[BlackElo "2633"]
[WhiteTeam "Minnesota Blizzard"]
[BlackTeam "Saint Louis Arch Bishops"]
[WhiteFideId "3408027"]
[BlackFideId "14116804"]
[EventDate "2018.03.13"]

1. d4 Nf6 2. c4 d6 3. Nc3 Bf5 4. f3 e5 5. e4 exd4 6. Qxd4 Nc6 7. Qd2 Be6 8. b3
Be7 9. Bb2 O-O 10. Nge2 Nd7 11. Nd5 Bg5 12. f4 Bh6 13. g3 f5 14. exf5 Bxf5 15.
Bg2 Nc5 16. O-O Ne4 17. Qd1 Re8 18. h3 Nc5 19. g4 Bd3 20. Rf2 Be4 21. Ng3 Qh4
22. Nxe4 Nxe4 23. Bxe4 Rxe4 24. Qf3 Rae8 25. g5 Nb4 26. Nxb4 Re3 27. Qd5+ Kf8
28. gxh6 Qxh6 29. Qg5 1-0

[Event "PRO League KO Stage 2018"]
[Site "chess.com INT"]
[Date "2018.03.21"]
[Round "2"]
[White "Lenic, Luka"]
[Black "Vachier-Lagrave, Maxime"]
[Result "1/2-1/2"]
[WhiteTitle "GM"]
[BlackTitle "GM"]
[WhiteElo "2662"]
[BlackElo "2789"]
[WhiteTeam "Ljubljana Turtles"]
[BlackTeam "Marseille Migraines"]
[WhiteFideId "14603853"]
[BlackFideId "623539"]
[EventDate "2018.03.13"]

1. Nf3 Nf6 2. c4 b6 3. d4 Bb7 4. g3 g6 5. Bg2 Bg7 6. O-O O-O 7. Nc3 Ne4 8. Bd2
e6 9. Nxe4 Bxe4 10. Bc3 c5 11. Rc1 Nc6 12. e3 Qc7 13. Qd2 Qb7 14. Ne1 cxd4 15.
exd4 Ne7 16. d5 Bxc3 17. Rxc3 exd5 18. cxd5 Bxg2 19. Nxg2 Nxd5 20. Rd3 Nf6 21.
Qf4 Ne4 22. Rfd1 Rad8 23. Ne3 Nc5 24. Rd6 Ne4 25. R6d4 f5 26. Nd5 d6 27. f3 Nc5
28. Re1 Qg7 29. b4 Na4 30. Rd3 Rde8 31. Rde3 Rxe3 32. Qxe3 b5 33. Qe6+ Kh8 34.
Qxd6 Nb2 35. Re7 Qd4+ 36. Kg2 Qd2+ 37. Kh3 Nd3 38. Re2 Qh6+ 39. Kg2 Nc1 40. Rc2
Nd3 41. Re2 Nc1 42. Rc2 Nd3 43. Re2 1/2-1/2

[Event "PRO League KO Stage 2018"]
[Site "chess.com INT"]
[Date "2018.03.21"]
[Round "2"]
[White "Lenic, Luka"]
[Black "Gozzoli, Yannick"]
[Result "1-0"]
[WhiteTitle "GM"]
[BlackTitle "GM"]
[WhiteElo "2662"]
[BlackElo "2576"]
[WhiteTeam "Ljubljana Turtles"]
[BlackTeam "Marseille Migraines"]
[WhiteFideId "14603853"]
[BlackFideId "616915"]
[EventDate "2018.03.13"]

1. d4 d5 2. Nf3 Nf6 3. c4 c6 4. Nc3 e6 5. Bg5 h6 6. Bxf6 Qxf6 7. Qb3 Qe7 8. a3
g6 9. e4 Bg7 10. Be2 O-O 11. e5 Nd7 12. O-O g5 13. h3 dxc4 14. Qxc4 Nb6 15. Qb3
c5 16. dxc5 Nd7 17. Ne4 Nxc5 18. Nxc5 Qxc5 19. Rac1 Qa5 20. Rfd1 Rd8 21. Qb5
Rxd1+ 22. Rxd1 Qxb5 23. Bxb5 a6 24. Rd8+ Bf8 25. Bd7 Bxd7 26. Rxa8 Bc6 27. Nh2
Kg7 28. Ng4 Be7 29. Rc8 h5 30. Nf6 Bxf6 31. exf6+ Kxf6 32. Kh2 e5 33. h4 g4 34.
Rg8 Be4 35. Kg3 Bh7 36. Rb8 Be4 37. f3 gxf3 38. gxf3 Bc6 39. Rg8 e4 40. fxe4
Bxe4 41. Kf4 Bd3 42. Rb8 1-0

[Event "PRO League KO Stage 2018"]
[Site "chess.com INT"]
[Date "2018.03.21"]
[Round "2"]
[White "Sarana, Alexey"]
[Black "Yu, Yangyi"]
[Result "0-1"]
[WhiteTitle "GM"]
[BlackTitle "GM"]
[WhiteElo "2577"]
[BlackElo "2760"]
[WhiteTeam "Australia Kangaroos"]
[BlackTeam "Chengdu Pandas"]
[WhiteFideId "24133795"]
[BlackFideId "8603820"]
[EventDate "2018.03.13"]

1. d4 Nf6 2. c4 e6 3. Nf3 d5 4. Nc3 Bb4 5. Bg5 h6 6. Bxf6 Qxf6 7. e3 O-O 8. Rc1
Rd8 9. a3 Bxc3+ 10. Rxc3 dxc4 11. Rxc4 Nc6 12. Bd3 Bd7 13. Be4 Rac8 14. Rc5 Qe7
15. O-O Qd6 16. Qc2 f5 17. Bd3 Ne7 18. Ne5 Be8 19. Nc4 Qd7 20. Rc1 c6 21. Ne5
Qd6 22. b4 Rc7 23. Nc4 Qd7 24. Ne5 Qd6 25. Qb3 Nd5 26. R5c2 Rdc8 27. Bc4 Kh7 28.
Qd3 Nf6 29. Bb3 Kh8 30. h3 Nd7 31. Nxd7 Bxd7 32. Rc5 b6 33. R5c3 e5 34. dxe5
Qxe5 35. Qd4 Qe7 36. Qf4 Be6 37. Bxe6 Qxe6 38. Rd1 Rd7 39. Rd4 Rcd8 40. Rcd3 Kh7
41. Rxd7 Rxd7 42. Rxd7 Qxd7 43. Qc4 Qd1+ 44. Kh2 Qd6+ 45. g3 c5 46. bxc5 Qxc5
47. Qxc5 bxc5 48. Kg2 g5 49. f3 h5 50. Kf2 Kg6 51. Ke2 g4 52. hxg4 fxg4 53. e4
h4 54. gxh4 g3 55. f4 c4 56. f5+ Kf6 57. h5 g2 58. Kf2 c3 59. h6 g1=Q+ 60. Kxg1
c2 61. h7 c1=Q+ 0-1

[Event "PRO League KO Stage 2018"]
[Site "chess.com INT"]
[Date "2018.03.21"]
[Round "2"]
[White "Sarana, Alexey"]
[Black "Xu, Xiangyu"]
[Result "1/2-1/2"]
[WhiteTitle "GM"]
[BlackTitle "GM"]
[WhiteElo "2577"]
[BlackElo "2545"]
[WhiteTeam "Australia Kangaroos"]
[BlackTeam "Chengdu Pandas"]
[WhiteFideId "24133795"]
[BlackFideId "8608288"]
[EventDate "2018.03.13"]

1. d4 d5 2. Nf3 c6 3. c4 Nf6 4. Nc3 g6 5. cxd5 cxd5 6. Bf4 Bg7 7. e3 O-O 8. h3
Nc6 9. Be2 h6 10. O-O Ne4 11. Rc1 Nxc3 12. Rxc3 Qb6 13. Qb3 g5 14. Bg3 Qxb3 15.
Rxb3 Rd8 16. Rc1 e6 17. h4 f6 18. Bb5 Bd7 19. Rbc3 Bf8 20. a3 Kf7 21. Be2 Rac8
22. Ne1 Ne7 23. Bc7 Re8 24. hxg5 hxg5 25. Nd3 Ng6 26. Bh5 Kg7 27. f4 gxf4 28.
Nxf4 Nxf4 29. exf4 Re7 30. Bd6 Rxc3 31. Rxc3 Rf7 32. Rg3+ Kh7 33. Bg6+ Kh6 34.
Bxf7 Bxd6 35. Rg8 Bxf4 36. Rd8 Be3+ 37. Kh1 Ba4 38. Bxe6 Bxd4 39. Bxd5 Bxb2 40.
Ra8 Bxa3 41. Rxa7 b5 42. Bc6 Bd6 43. Rb7 Be5 44. Kg1 Kg5 45. Kf2 Bc2 46. Rxb5
Bg6 47. Ke3 Bf5 48. Rb7 Bf4+ 49. Kf3 Bg4+ 50. Kf2 Bf5 51. Rg7+ Kh6 52. Rf7 Kg5
53. Be8 Be5 54. Ke3 Bf4+ 55. Kf3 Bg4+ 56. Ke4 Bf5+ 57. Kd5 Be5 58. Bc6 Kf4 59.
Kc5 Ke3 60. Rb7 Kf2 61. Rb3 Bg4 62. Bd5 Be2 63. Ra3 f5 64. Ra2 Ke3 65. Ra3+ Kf2
66. Kc6 Bd4 67. Kd6 f4 68. Be4 Be3 69. Ke5 Bf1 70. Ra2+ Kg3 71. Bf3 Bf2 72. Ra3
Be3 73. Ra2 Bf2 74. Ke4 Bg1 75. Ra8 Be3 76. Rg8+ Kf2 77. Rg7 Bc1 78. Kf5 Be3 79.
Rg8 Bc1 80. Rg5 Be3 81. Kg6 Kg1 82. Kh5 Kh2 83. Ra5 Bf2 84. Kg4 Bxg2 85. Ra2 Kg1
86. Ra1+ Kh2 87. Kxf4 Bxf3 88. Kxf3 Bg1 89. Ra8 Kh1 90. Rg8 Bb6 91. Rg7 Bg1 92.
Rh7+ Bh2 93. Rb7 Bg1 94. Rb2 Ba7 95. Kg3 Bg1 96. Ra2 Bb6 97. Ra4 Bc7+ 98. Kf3
Bb6 99. Rb4 Bg1 100. Rb1 Kh2 101. Ra1 Kh1 102. Ra8 Bc5 103. Rb8 Ba7 104. Rb7 Bg1
105. Ke2 Kg2 106. Rg7+ Kh1 107. Kf1 Bh2 108. Rg6 Be5 109. Kf2 Bd4+ 110. Kg3 Kg1
111. Re6 Kf1 112. Kf3 Kg1 113. Rh6 Bc5 114. Kg3 Kf1 115. Rc6 Ba7 116. Kf3 Ke1
117. Rd6 Bc5 118. Rd5 Bb6 119. Rb5 Ba7 120. Rb2 Bc5 121. Re2+ Kd1 122. Rg2 Ke1
123. Rg5 Bb6 124. Rh5 Ba7 125. Rb5 Bd4 126. Ke4 Ba7 127. Rb2 Kf1 128. Rc2 Kg1
129. Kf3 Bb6 130. Kg3 Kf1 131. Rb2 Ba7 132. Rb7 Bc5 133. Kf3 Kg1 134. Rh7 Bb6
135. Rh5 Ba7 136. Rb5 Kh1 137. Kg3 Bd4 138. Rb1+ Bg1 139. Rb2 Bc5 140. Rh2+ Kg1
141. Rd2 Kf1 142. Kf3 Kg1 143. Ke2 Kg2 144. Rc2 Bd6 145. Rc6 Bb8 146. Rg6+ Kh1
147. Kf1 Be5 148. Rg1+ Kh2 149. Rg5 Bd4 1/2-1/2

[Event "PRO League KO Stage 2018"]
[Site "chess.com INT"]
[Date "2018.03.21"]
[Round "2"]
[White "Ni, Hua"]
[Black "Clarke, Brandon G I"]
[Result "1-0"]
[WhiteTitle "GM"]
[BlackTitle "FM"]
[WhiteElo "2670"]
[BlackElo "2362"]
[WhiteTeam "Chengdu Pandas"]
[BlackTeam "Australia Kangaroos"]
[WhiteFideId "8601160"]
[BlackFideId "400319"]
[EventDate "2018.03.13"]

1. d4 Nf6 2. Bf4 g6 3. Nc3 d5 4. e3 Bg7 5. Nb5 Na6 6. h3 c6 7. Nc3 Qb6 8. Rb1
O-O 9. Nf3 Nd7 10. Qd2 e5 11. Nxe5 Nxe5 12. Bxe5 Bxe5 13. dxe5 Nc5 14. Qd4 Bf5
15. b4 Nd7 16. Bd3 Bxd3 17. cxd3 Qc7 18. f4 f6 19. exf6 Nxf6 20. O-O a6 21. f5
Nh5 22. fxg6 hxg6 23. Ne2 Rae8 24. Rxf8+ Rxf8 25. Rf1 Rxf1+ 26. Kxf1 Qf7+ 27.
Kg1 Kh7 28. Qe5 Ng7 29. Nd4 Qf8 30. a3 a5 31. Qc7 Qe8 32. Qf4 axb4 33. axb4 Qe7
34. Nf3 Nf5 35. Kf2 b6 36. g4 Nd6 37. Ng5+ Kg8 38. Nf3 Kh7 39. Qd4 Qa7 40. Qf6
Nf7 41. Qxc6 Qa2+ 42. Kg3 Qb1 43. Qf6 1-0

[Event "PRO League KO Stage 2018"]
[Site "chess.com INT"]
[Date "2018.03.21"]
[Round "2"]
[White "Ni, Hua"]
[Black "Sarana, Alexey"]
[Result "1/2-1/2"]
[WhiteTitle "GM"]
[BlackTitle "GM"]
[WhiteElo "2670"]
[BlackElo "2577"]
[WhiteTeam "Chengdu Pandas"]
[BlackTeam "Australia Kangaroos"]
[WhiteFideId "8601160"]
[BlackFideId "24133795"]
[EventDate "2018.03.13"]

1. d4 Nf6 2. Nf3 d5 3. c4 e6 4. g3 Bb4+ 5. Bd2 Be7 6. Bg2 c6 7. O-O O-O 8. Qb3
Ne4 9. Bb4 Nd6 10. Nbd2 Nd7 11. Bxd6 Bxd6 12. e4 dxe4 13. Nxe4 Be7 14. Rfd1 Qc7
15. Rac1 Nf6 16. Nxf6+ Bxf6 17. Qe3 Rd8 18. c5 Bd7 19. Ne5 Be8 20. f4 Rab8 21.
b4 b6 22. a3 a5 23. g4 axb4 24. axb4 bxc5 25. bxc5 Rb4 26. g5 Be7 27. h4 f6 28.
Nxc6 Bxc6 29. Qxe6+ Kf8 30. Qxc6 Qxf4 1/2-1/2

[Event "PRO League KO Stage 2018"]
[Site "chess.com INT"]
[Date "2018.03.21"]
[Round "2"]
[White "Gozzoli, Yannick"]
[Black "Borisek, Jure"]
[Result "0-1"]
[WhiteTitle "GM"]
[BlackTitle "GM"]
[WhiteElo "2576"]
[BlackElo "2576"]
[WhiteTeam "Marseille Migraines"]
[BlackTeam "Ljubljana Turtles"]
[WhiteFideId "616915"]
[BlackFideId "14603152"]
[EventDate "2018.03.13"]

1. d4 d5 2. Nf3 Nf6 3. c4 dxc4 4. e3 e6 5. Bxc4 c5 6. O-O a6 7. Nc3 b5 8. Be2
Bb7 9. dxc5 Nc6 10. Qc2 Nb4 11. Qb3 Bxc5 12. Rd1 Qb6 13. a4 O-O 14. Bd2 Rab8 15.
Be1 Nbd5 16. axb5 Nxc3 17. Bxc3 Bd5 18. Qc2 axb5 19. Ng5 h6 20. Bxf6 hxg5 21.
Bxg5 Rfc8 22. Qd2 Bb3 23. Rdc1 Bd6 24. Bh4 Be5 25. Bg3 Bxg3 26. hxg3 b4 27. Ra6
Qd8 28. Rxc8 Qxc8 29. Qd4 Bd5 30. Bd3 g6 31. Kh2 Qf8 32. Qf4 Re8 33. Rb6 b3 34.
g4 e5 35. Qf6 e4 36. Bb5 Rb8 37. g5 Be6 38. Qd4 Qd8 39. Rb7 Qc8 40. Re7 Rxb5 41.
Qxe4 Rxg5 42. f4 Rh5+ 43. Kg3 Rb5 44. Ra7 Rb8 45. Qe5 Qe8 46. e4 Ra8 47. Rc7 Rc8
48. Ra7 Bd7 49. Qd6 Bc6 50. Re7 Qf8 51. e5 Rd8 52. Qf6 Bd5 53. Rc7 Be6 0-1

[Event "PRO League KO Stage 2018"]
[Site "chess.com INT"]
[Date "2018.03.21"]
[Round "2"]
[White "Gozzoli, Yannick"]
[Black "Sebenik, Matej"]
[Result "1/2-1/2"]
[WhiteTitle "GM"]
[BlackTitle "GM"]
[WhiteElo "2576"]
[BlackElo "2562"]
[WhiteTeam "Marseille Migraines"]
[BlackTeam "Ljubljana Turtles"]
[WhiteFideId "616915"]
[BlackFideId "14602296"]
[EventDate "2018.03.13"]

1. d4 Nf6 2. c4 g6 3. Nc3 Bg7 4. e4 d6 5. Nf3 O-O 6. Be2 e5 7. O-O Nc6 8. d5 Ne7
9. Nh4 a5 10. g3 Nd7 11. Be3 Nc5 12. Qd2 b6 13. f3 Bh3 14. Rf2 f5 15. exf5 Nxf5
16. Nxf5 Bxf5 17. g4 Bd7 18. Kg2 a4 19. Rh1 Qe7 20. Bd3 e4 21. Nxe4 Nxe4 22.
Bxe4 Bxg4 23. Bg5 Qd7 24. Re1 Rae8 25. Bh4 Bh3+ 26. Kg1 Be5 27. Bg3 Qg7 28. Rfe2
Bd4+ 29. Kh1 Qf6 30. Qd3 Bxb2 31. Rd1 a3 32. Kg1 Kg7 33. Kh1 Bf5 34. Kg2 h5 35.
h4 Qc3 36. Qxc3+ Bxc3 37. Rd3 Bb2 38. Rde3 Bxe4 39. fxe4 Rf7 40. Re1 Ra8 41. e5
dxe5 42. Bxe5+ Bxe5 43. Rxe5 Ra4 44. R5e4 Rb4 45. R1e2 Rb2 46. Kg3 Kh6 47. Re8
Kg7 48. R8e6 Rxe2 49. Rxe2 Kf6 50. Re6+ Kf5 51. Re3 Rf6 52. Rxa3 Ke4 53. Rc3 Kd4
54. Rc1 Rf5 55. Rc2 Re5 56. Rd2+ Kc5 57. Kf4 Rf5+ 58. Ke4 Rf1 59. Rg2 Rh1 60.
Rxg6 Rxh4+ 61. Ke5 Rxc4 62. a3 h4 63. Rh6 Kb5 64. Rh8 Ka4 65. Ra8+ Kb3 66. Ke6
h3 67. Kd7 Rc3 68. a4 h2 69. Rh8 Rc2 70. Rh4 Ka3 71. Kd8 Rd2 72. Kxc7 Rxd5 73.
Rxh2 Kxa4 74. Kxb6 Rb5+ 75. Kc6 1/2-1/2